000 00629nam a2200277Ia 4500
005 20260324150535.0
008 008 260324s9999 xx 000 0 eng d
020 _a9780203707630
037 _aEBOOK
040 _aCRL
040 _beng
040 _cCRL
041 _2eng
041 _aeng
084 _qCRL
100 _aJames T. Boulton
_91210109
245 4 _aThe Language of Politics
260 _bTaylor and Francis
260 _c1963
365 _a
365 _b240
856 _uhttp://www.taylorfrancis.com/books/9780203707630
942 _cEBOOK
999 _c1836392
_d1836392